000
00260nam a22001217a 4500
020
_a
0-8306-9089-1
082
_a
621.381528 TRA'T
100
_a
TAB BOOKS
_9
77024
245
_a
TRANSISTOR PROJECTS
260
_a
USA
_b
TAB
_c
1960
300
_a
160P
942
_c
BK
999
_c
582343
_d
582343